Destinations from Bengaluru (Bangalore) Airport (BLR) - Statistics

General Stats
  • This quiz has been taken 163 times
  • The average score is 41 of 74
Answer Stats
Carrier(s) City % Correct
Air India, Emirates, Indigo Dubai
95%
Air India, Air Asia India, GoAir, Indigo, SpiceJet, Vistara Delhi
94%
Air India, AirAsia India, GoAir, Indigo, SpiceJet, Vistara Mumbai
94%
Etihad Airways Abu Dhabi
91%
Air India, AirAsia India, Indigo, Spicejet Chennai
91%
Air India, AirAsia India, GoAir, Indigo, SpiceJet Kolkata
86%
Air India, British Airways London
86%
Air India Express, Indigo, Scoot, Silk Air, Singapore Airlines Singapore
85%
Air India, GoAir, Indigo, SpiceJet, Vistara Ahmedabad
84%
Air India, Air Asia India, Alliance Air, GoAir, Indigo, SpiceJet Hyderabad
83%
Air France Paris
83%
Qatar Airways Doha
82%
Saudia Riyadh
82%
Indigo, SriLankan Airlines Colombo
81%
Air India, Indigo, Thai AirAsia, Thai Airways Bangkok
79%
Nepal Airlines Kathmandu
79%
Japan Air Lines Tokyo
77%
AirAsia, Indigo, Malaysia Airlines, Malindo Air Kuala Lumpur
76%
Lufthansa Frankfurt
75%
AirAsia India, GoAir, Indigo, SpiceJet Pune
75%
Saudia Jeddah
74%
Air India, Air India Express, AirAsia India, Alliance Air, GoAir, Indigo, SpiceJet Kochi
72%
Air India, Oman Air Muscat
72%
AirAsia India, Indigo, SpiceJet Jaipur
70%
Air India, AirAsia India, GoAir, Indigo, Spicejet Goa
69%
Cathay Dragon, Indigo Hong Kong
68%
Kuwait Airways Kuwait City
66%
GoAir, Indigo Lucknow
63%
Gulf Air Bahrain
60%
Indigo, SpiceJet Mangalore
56%
Air India, Indigo, SpiceJet Thiruvananthapuram
56%
AirAsia India, Indigo Indore
55%
Air Mauritius Mauritius
55%
GoAir, Indigo Nagpur
55%
Indigo Amritsar
54%
GoAir, Indigo, SpiceJet Patna
54%
Indigo, SpiceJet Bhopal
53%
Indigo Surat
52%
Air India, GoAir, Indigo Malé
51%
Air Arabia Sharjah
50%
AirAsia India, GoAir, Indigo Chandigarh
49%
SpiceJet Kanpur
46%
Indigo, SpiceJet Madurai
46%
Air India, AirAsia India, Indigo Bhubaneswar
45%
Alliance Air, Indigo, SpiceJet Coimbatore
45%
Indigo Srinagar
45%
GoAir, Indigo Phuket
44%
AirAsia India, GoAir, Indigo Ranchi
44%
Air India, Air Asia India, Indigo, Spicejet Guwahati
43%
Indigo, SpiceJet Kozhikode
43%
AirAsia India, Alliance Air, Indigo Visakhapatnam
43%
Indigo Allahabad
40%
Indigo Raipur
40%
Indigo, SpiceJet Varanasi
39%
Indigo Tiruchirappalli
38%
Alliance Air, Indigo, SpiceJet Vijayawada
38%
GoAir, Indigo, SpiceJet Port Blair
36%
Air India, Alliance Air, Indigo, Spicejet, Star Air Hubli
35%
GoAir, Indigo Kannur
33%
Indigo, SpiceJet Udaipur
33%
Indigo Dehradun
32%
SpiceJet Puducherry
31%
AirAsia India, Indigo, SpiceJet Bagdogra
28%
Air India, Alliance Air, Star Air Belgaum
28%
Indigo Vadodara
28%
Indigo Imphal
27%
Indigo, SpiceJet Tirupati
27%
Indigo Agartala
26%
Alliance Air Agatti
24%
Indigo Rajahmundry
23%
Indigo Gorakhpur
20%
Alliance Air Kolhapur
20%
TruJet Vidyanagar
18%
SpiceJet Shirdi
17%
No matching quizzes found
Score Distribution
Percent of People with Each Score
Percentile by Number Answered
Your Score History
You have not taken this quiz